00601nam a2200193Ia 4500008004100000020001300041082001200054100001700066245003100083250000800114260003700122300003000159500001900189600003300208650001200241942000700253952013200260999001500392240925s9999 xx 000 0 und d a71006362 a537 DUF aDuffin, W. J 0aElectricity and Magnetism  a4th aSingapore:bMc Graw Hillc,1990. axxiv, 560p.bNAfOriginal aIncludes Index aHumanities & Natural Science aPhysics cBK 001040708HUMaUITUbUITUd1995-02-09eParamount Book Pvt Ltdg469.40l0o537 DUFpQ0121r2024-09-25 07:11:57w2024-09-25yBK c2620d2620